1198 1557 1138 1135 1643 1670 1844 1474 1156 1745 1567 1208 1412 1987 1361 1961 1655 1856 1260 1685 1959 1899 1075 1600 1514 1339 1688 1449 1509 1653 1125 1430 1130 1572 1276 1294 1612 1036 1566 1920 1982 1161 1806 1769 1045 1184 1034 1950 1900 1556 1779 1410 1043 1077 1084 1690 1255 1735 1460 1375 1926 1676 1174 1125 1148 1250 1532 1317 1108 1185 1391 1258 1726 1707 1498 1692 1642 1384 1995 1892 1192 1069 1804 1300 1781 1104 1361 1818 1357 1273 1606 1278 1333 1065 1173 1470 1098 1089 1925 BCNSPRNW ULIB Ver.6.0+V

เปลี่ยนเป็นภาษาไทย

Change to English
 แสดงรายละเอียดบรรณานุกรม
  กลับหน้าหลัก

Brief Record : Get Marc (ISO 2709) : E-mail record : QR code < ปิดหน้าต่าง
LEADER : 00000nam 2200000uu 4500
001    13399113297
003     ULIB
008    111006s2547||||th 000 0 tha d
020    9789749233641
020    9749233646
050  4 TR267^bณ429ต 2547
100 0  ณาตยา ฉาบนาค
245 10 แต่งภาพโดนใจจากไฟล์กล้องดิจิตอล /^cณาตยา ฉาบนาค
250    พิมพ์ครั้งที่ 1
260    กรุงเทพฯ :^bเอส.พี.ซี. บุ๊คส์,^c2547
300    244 หน้า :^bภาพประกอบ ;^c21 ซม.
650  4 การถ่ายภาพ
650  4 การประมวลผลภาพ^xเทคนิคดิจิตอล
650  4 กล้องถ่ายรูปดิจิตอล
945    ^p129^l0^i025029
995    ทศพร
999 ^a ทศพร
รายการนี้ยังไม่มีแท็ก
คุณยังไม่ได้ล็อกอิน คุณสามารถมีกิจกรรมร่วมกับเว็บไซต์ได้ แต่ต้องล็อกอินก่อน ::
  ล็อกอิน

รายการสื่อสารสนเทศ

ลำดับที่ ประเภท เลขเรียก/บาร์โค้ด สถานที่ สถานะ
- ไม่พบข้อมูล -

รายการใกล้เคียง
    ผู้แต่ง [ณาตยา ฉาบนาค]

    หัวเรื่อง [การถ่ายภาพ]
    หัวเรื่อง [กล้องถ่ายรูปดิจิตอล]

BibComment


ยังไม่เคยถูกคอมเมนท์

คอมเมนท์ทรัพยากรรายการนี้
  คอมเมนท์: แต่งภาพโดนใจจากไฟ..


 Copyright 2026. Bcnsprnw @Library